Brawlhalla Legends In Battle Pass Season 10 - Statistics

General Stats
  • This quiz has been taken 8 times
  • The average score is 5 of 6
Answer Stats
Skin Legend % Correct
Tuxedo Bandit Caspian
100%
Daylight Star ☆ Magi Fait
83%
Mecha Knight Magyar
83%
Miracle Magi ☆ Starlit Mirage
83%
Fallen Prince Teros
83%
Fleeting Magi ☆ Starlit Thea
67%
No matching quizzes found
Score Distribution
Percent of People with Each Score
Percentile by Number Answered
Your Score History
You have not taken this quiz